| 000 | 01820nam0a2200373 4500 | ||
|---|---|---|---|
| 001 | RU\NLR\BIBL_A\011568894 | ||
| 005 | 20260405090330.0 | ||
| 010 |
_a9785171057923 _92500 |
||
| 021 |
_aRU _b2017-92477 _96627 |
||
| 035 | _a(RuMoRGB)009474868 | ||
| 035 | _a(NLR Aleph) 011568894 | ||
| 090 |
_a12286140 _c12286140 |
||
| 100 | _a20171221d2017 e y0rusy50 ca | ||
| 101 | 1 |
_arus _ceng |
|
| 102 | _aRU | ||
| 105 | _aa z 000 | ||
| 200 | 1 |
_aЗвёздные войны _iПерсонажи _fтекст: Дэниел Уоллес _gиллюстрации: Майк Сатфин _g[перевод с английского А. Бродоцкая и др.] |
|
| 210 |
_aМосква _cАСТ _d2017 (макет 2018) |
||
| 215 |
_a250 с. _cил. _d26 |
||
| 225 | 1 | _aЛегенды | |
| 225 | 1 |
_aЗвёздные войны _iБольшая библиотека |
|
| 300 | _aЗагл. и авт. ориг.: Star Wars. The new essential guide to characters / by Daniel Wallace | ||
| 333 | _a12+ | ||
| 454 | 0 |
_1010$a0-345-44900-2 _12001#$aStar Wars. The new essential guide to characters _1700#1$aWallace$bD.$f1959-$gDaniel _tStar Wars. The new essential guide to characters _aWallace, Daniel (1959-) |
|
| 605 |
_a"Звездные войны" _lкиноэпопея _92555279 _3RU\NLR\AUTH\661511844 |
||
| 606 | 1 |
_aНаучно-фантастическая литература _jЭнциклопедии _xОбразы _yСоединенные Штаты Америки _92334983 _3RU\NLR\AUTH\661396078 |
|
| 686 |
_aЩ374.3(7США)6-3я22 _2rubbk |
||
| 686 | 1 | _aЩ374.3(7США)6"Звездные войны" | |
| 686 | 1 | _aШ5(7США)6-33,5я2 | |
| 700 | 1 |
_8rus _7ca _aУоллес _bД. _f1959- _gДэниел _3RU\NLR\AUTH\7732049 _915059 |
|
| 942 | _cBOOK | ||
| 980 | _aNBR | ||